| 000 | 01316nam a2200277 i 4500 | ||
|---|---|---|---|
| 003 | EG-ScBUE | ||
| 005 | 20240221104542.0 | ||
| 008 | 110824s1967 jo ab f 000 0 ara d | ||
| 040 |
_aEG-ScBUE _bara _erda _cEG-ScBUE _dEG-ScBUE |
||
| 043 |
_aawba--- _aawgz--- |
||
| 082 | 0 | 4 |
_222 _bم ح م _a956.9442 |
| 100 | 1 |
_926906 _aمحمد، عبد الحفيظ، _eمؤلف. |
|
| 245 | 1 | 2 |
_aالطريق الي بيت المقدس / _bقصة التآمر الصهيوني الاستعماري على العرب يوم الخامس من يونيو، حزيران 1967، وتفاصيل العدوان الرهيب على الأردن والعربية المتحدة وسوريا / _cعبد الحفيظ محمد. |
| 250 | _aالطبعة الأولى. | ||
| 264 | 1 |
_aعمان، الأردن : _bدار أخبار الأسبوع، _c1967. |
|
| 300 |
_a296 صفحة : _bخرائط، إيضاحيات ؛ _c24 سم |
||
| 336 |
_2rdacontent _aنص _btxt |
||
| 337 |
_aبدون وسيط _2rdamedia _bn |
||
| 338 |
_aمجلد _bnc _2rdacarrier |
||
| 650 | 7 |
_913399 _aالنزاع العربي الإسرائيلي. _2BUEsh |
|
| 650 | 7 |
_916256 _aحرب يونيه 1967. _2BUEsh |
|
| 650 | 7 |
_aفتح بيت المقدس. _2BUEsh |
|
| 650 | 7 |
_aالقضية الفلسطينية. _2BUEsh |
|
| 655 | _vReading book | ||
| 942 |
_2ddc _cBB |
||
| 999 |
_c15917 _d15917 |
||